[Event "78th ch-ESP 2013"]
[Site "Linares ESP"]
[Date "2013.09.03"]
[Round "6.12"]
[White "Perez Mitjans, Orelvis"]
[Black "Martinez Lopez, David"]
[Result "1-0"]
[WhiteElo "2475"]
[BlackElo "2238"]
[PlyCount "99"]
[EventDate "2013.08.29"]

1. e4 e6 2. d3 c5 3. Nf3 Nc6 4. g3 g6 5. Bg2 Bg7 6. O-O Nge7 7. Re1 d6 8. c3 e5
9. Na3 O-O 10. Nc2 f5 11. b4 h6 12. Ba3 cxb4 13. cxb4 a6 14. Bb2 Qb6 15. Bc3
Be6 16. Qd2 Rad8 17. Ne3 fxe4 18. dxe4 Nd4 19. Nh4 Bf6 20. Rad1 Bxh4 21. gxh4
Nb5 22. Ba1 Kh7 23. a4 Nc7 24. Rc1 Ne8 25. Nc4 Bxc4 26. Rxc4 Rf4 27. Rd1 Nc6
28. Qe3 Qxe3 29. fxe3 Rf7 30. Bc3 Rdd7 31. b5 axb5 32. axb5 Na7 33. b6 Nc6 34.
Bh3 Rde7 35. Kg2 Rf6 36. Rxc6 bxc6 37. Bc8 Rff7 38. Rf1 Rxf1 39. Kxf1 Nc7 40.
Ke2 Kg8 41. Ba5 Ne8 42. b7 Rxb7 43. Bxb7 c5 44. Bc6 Kf7 45. Bxe8+ Kxe8 46. Kd3
Kd7 47. Kc4 Kc6 48. h5 gxh5 49. h4 Kd7 50. Kd5 1-0

[Event "78th ch-ESP 2013"]
[Site "Linares ESP"]
[Date "2013.09.03"]
[Round "6.13"]
[White "Gonzalez De La Torre, Santiago"]
[Black "Sos Andreu, Eric"]
[Result "1/2-1/2"]
[WhiteElo "2472"]
[BlackElo "2229"]
[PlyCount "139"]
[EventDate "2013.08.29"]

1. d4 Nf6 2. c4 g6 3. Nc3 d5 4. Nf3 Bg7 5. Qb3 dxc4 6. Qxc4 O-O 7. Bf4 c6 8.
Rd1 Be6 9. Qd3 Qa5 10. e4 Rd8 11. Be2 Nh5 12. Be3 Bg4 13. e5 Nd7 14. Qe4 f5 15.
exf6 Nhxf6 16. Qxe7 Re8 17. Qa3 Qxa3 18. bxa3 Bf8 19. h3 Bxf3 20. Bxf3 Bxa3 21.
Rb1 Nb6 22. O-O Rad8 23. Rb3 Bf8 24. a4 Rd7 25. Rfb1 Ree7 26. Bg5 Bg7 27. a5
Nc4 28. a6 bxa6 29. Rb8+ Kf7 30. Bxc6 Rxd4 31. Bxf6 Bxf6 32. Nd5 Nd2 33. Rc1
Re5 34. Rb7+ Ke6 35. Nxf6 Kxf6 36. Rxa7 Rc4 37. Rd1 Rxc6 38. Rxd2 Re7 39. Ra8
h5 40. h4 Ree6 41. g3 Red6 42. Ra2 Re6 43. Kg2 Red6 44. Ra3 Ke5 45. Kf3 Rf6+
46. Ke3 Rfe6 47. Rf8 Kd6+ 48. Kf4 Ke7 49. Ra8 Kf6 50. Ra4 Rc5 51. g4 hxg4 52.
Kxg4 Rcc6 53. f4 Red6 54. Ra7 Rb6 55. Ra5 Rdc6 56. h5 Rb5 57. Rxb5 axb5 58.
hxg6 Kxg6 59. Rb7 Kf6 60. Rxb5 Ra6 61. Rh5 Ra1 62. Rh6+ Kg7 63. Rb6 Ra5 64. Re6
Kf7 65. Rd6 Rb5 66. Rd7+ Kf6 67. Rd8 Kf7 68. Rh8 Kg7 69. Re8 Kf7 70. Re5
1/2-1/2

[Event "78th ch-ESP 2013"]
[Site "Linares ESP"]
[Date "2013.09.03"]
[Round "6.14"]
[White "Zamarbide Inarrea, Daniel"]
[Black "Recuero Guerra, David"]
[Result "0-1"]
[WhiteElo "2213"]
[BlackElo "2454"]
[PlyCount "83"]
[EventDate "2013.08.29"]

1. d4 Nf6 2. Nc3 d5 3. Bg5 Nbd7 4. Qd2 e6 5. g3 c5 6. Nf3 cxd4 7. Nxd4 h6 8.
Bxf6 Nxf6 9. Bg2 Be7 10. e3 O-O 11. O-O Qb6 12. Nb3 Bd7 13. Qd4 Qxd4 14. exd4
Rfc8 15. Rfc1 b5 16. f3 a5 17. a4 b4 18. Nb5 Bxb5 19. axb5 a4 20. b6 Rcb8 21.
Nc5 Bxc5 22. dxc5 Ra5 23. Bf1 Nd7 24. c3 b3 25. c6 Nxb6 26. c4 dxc4 27. Bxc4 a3
28. c7 Rf8 29. Rab1 axb2 30. Rxb2 Rc5 31. Rxb3 Rxc4 32. Rxc4 Nxc4 33. Rb8 Nd6
34. Rd8 Nc8 35. Kf2 f6 36. Ke3 Kf7 37. Rd7+ Ne7 38. Rd8 Re8 39. Kd3 Nc8 40. Kc4
Ke7 41. Rd1 Nb6+ 42. Kd4 0-1

[Event "78th ch-ESP 2013"]
[Site "Linares ESP"]
[Date "2013.09.03"]
[Round "6.15"]
[White "Ruiz Sanchez, Miguel Angel"]
[Black "Matnadze, Ana"]
[Result "1/2-1/2"]
[WhiteElo "2221"]
[BlackElo "2390"]
[PlyCount "118"]
[EventDate "2013.08.29"]

1. d4 Nf6 2. Bf4 d5 3. e3 g6 4. Nf3 Bg7 5. Bd3 O-O 6. O-O c6 7. c4 Ne8 8. Nc3
dxc4 9. Bxc4 Nd6 10. Bb3 Na6 11. Rc1 Nc7 12. h3 Be6 13. e4 Rc8 14. Re1 Bxb3 15.
Qxb3 Ne6 16. Be5 Qb6 17. Qxb6 axb6 18. Bxg7 Kxg7 19. d5 Nc5 20. e5 Nc4 21. b3
Nb2 22. Rc2 Nbd3 23. Rd1 Nb4 24. Rcd2 cxd5 25. Nxd5 Nxd5 26. Rxd5 Rc7 27. R5d4
Rfc8 28. Rb4 Rd7 29. Rdd4 Rxd4 30. Nxd4 Rd8 31. Nf3 Rd1+ 32. Kh2 Nd7 33. Kg3 h6
34. h4 e6 35. Kf4 Rd5 36. Rd4 g5+ 37. hxg5 hxg5+ 38. Ke3 Nxe5 39. Rxd5 Ng4+ 40.
Kd4 exd5 41. Nxg5 Nxf2 42. Kxd5 Nd3 43. Kc4 Nf4 44. g3 Ne2 45. Kb5 Nxg3 46.
Nxf7 Ne2 47. Kxb6 Nc1 48. Ne5 Nxa2 49. Nd3 Kf6 50. Kxb7 Kf5 51. Kc6 Ke4 52. Nb2
Kd4 53. Na4 Nb4+ 54. Kb5 Nc2 55. Ka5 Na1 56. b4 Nc2 57. b5 Na3 58. Nb2 Nxb5 59.
Kxb5 Ke5 1/2-1/2

[Event "78th ch-ESP 2013"]
[Site "Linares ESP"]
[Date "2013.09.03"]
[Round "6.16"]
[White "Romero Berruezo, Francisco"]
[Black "Alvarez Fernandez, Enrique"]
[Result "1-0"]
[WhiteElo "2154"]
[BlackElo "2385"]
[PlyCount "129"]
[EventDate "2013.08.29"]

1. e4 e6 2. d4 d5 3. Nd2 dxe4 4. Nxe4 Nd7 5. Nf3 Ngf6 6. Nxf6+ Nxf6 7. c3 c5 8.
Ne5 a6 9. Qa4+ Bd7 10. Nxd7 Qxd7 11. Qxd7+ Kxd7 12. Be3 Rc8 13. g3 c4 14. Bg2
Nd5 15. Bd2 Bd6 16. O-O Rc7 17. Rfc1 Rb8 18. b3 b5 19. Bf1 Kc8 20. Rab1 Ba3 21.
Rc2 Rc6 22. bxc4 bxc4 23. Rxb8+ Kxb8 24. Bc1 Bd6 25. Rb2+ Ka7 26. Bd2 Ba3 27.
Rb1 Be7 28. Be2 Bd8 29. Kf1 Ba5 30. Rc1 Kb7 31. Ke1 Kc7 32. Kd1 Kd6 33. Kc2 f6
34. h4 Bb6 35. Rd1 Ke7 36. Rb1 Kf7 37. Bh5+ g6 38. Be2 Kg7 39. Bc1 h6 40. Ba3
g5 41. hxg5 hxg5 42. Bc1 Kg6 43. Bd2 Rc8 44. Bf3 Rc6 45. Rh1 Rc8 46. Re1 Rc6
47. g4 Kf7 48. Rh1 Kg7 49. Be4 Rc7 50. Rb1 Ba7 51. a4 Rd7 52. a5 Kf7 53. Rh1
Ke7 54. Rh8 Kd6 55. Bc1 Kc6 56. Re8 Kb5 57. Rxe6 Kxa5 58. Bxd5 Rxd5 59. Rxf6
Bb6 60. f4 gxf4 61. Bxf4 Kb5 62. Be5 Bd8 63. Rf5 Be7 64. g5 Rd8 65. Bf6+ 1-0

[Event "78th ch-ESP 2013"]
[Site "Linares ESP"]
[Date "2013.09.03"]
[Round "6.17"]
[White "Perera Borrego, Mariela"]
[Black "Navarro Lopez-Menchero, Daniel"]
[Result "0-1"]
[WhiteElo "2062"]
[BlackElo "2318"]
[PlyCount "102"]
[EventDate "2013.08.29"]

1. d4 d5 2. Nf3 Nf6 3. c4 dxc4 4. Qa4+ c6 5. Qxc4 Bf5 6. g3 Nbd7 7. Bg2 e6 8.
O-O Be7 9. Nc3 h6 10. Re1 O-O 11. e4 Bh7 12. Qb3 Qb6 13. Bd2 Bd8 14. Rad1 Qxb3
15. axb3 Bb6 16. Bf4 Rfd8 17. Re2 Nb8 18. h3 Na6 19. Be5 Ba5 20. Nd2 Rd7 21.
Nc4 Bb4 22. d5 Rad8 23. d6 b5 24. Ra1 Nc5 25. Na2 a5 26. Nxb4 axb4 27. Nd2 Nd3
28. f4 Ne8 29. Re3 Nxe5 30. fxe5 f6 31. exf6 Rxd6 32. f7+ Kxf7 33. Nf3 Nf6 34.
Ree1 Nh5 35. Kh2 Kg8 36. Rac1 Rd3 37. Rxc6 Rxb3 38. Re2 Nf6 39. Ne5 Bxe4 40.
Bxe4 Nxe4 41. Rxe6 Rd2 42. Rxd2 Nxd2 43. Re8+ Kh7 44. h4 Re3 45. Rd8 Re2+ 46.
Kg1 Ne4 47. h5 Nxg3 48. Rd5 Nxh5 49. b3 Nf4 50. Rxb5 Re3 51. Rxb4 Ne2+ 0-1

[Event "78th ch-ESP 2013"]
[Site "Linares ESP"]
[Date "2013.09.03"]
[Round "6.18"]
[White "Chueca Forcen, Alberto"]
[Black "Hernandez Estevez, Yudania"]
[Result "0-1"]
[WhiteElo "2313"]
[BlackElo "2230"]
[PlyCount "133"]
[EventDate "2013.08.29"]

1. e4 e5 2. f4 exf4 3. Nf3 Ne7 4. d4 d5 5. Qe2 Ng6 6. h4 h5 7. Nc3 c6 8. Ne5
Be7 9. Nxg6 fxg6 10. Bxf4 O-O 11. g3 Bg4 12. Qe3 c5 13. Nxd5 cxd4 14. Qb3 Kh7
15. Bg2 Qa5+ 16. Bd2 Qa6 17. Qd3 Bd6 18. Bf4 Bxf4 19. Nxf4 Qd6 20. O-O Nc6 21.
Qb5 Ne5 22. Qxb7 d3 23. cxd3 Qd4+ 24. Kh1 Qe3 25. Qc7 Rae8 26. Kh2 Rxf4 27.
Rxf4 Bf3 28. Bxf3 Nxf3+ 29. Rxf3 Qxf3 30. Qc2 Rf8 31. Rg1 Qe3 32. Rg2 Rf3 33.
Re2 Qd4 34. Qd2 Rxd3 35. Qf4 Rd1 36. Qe3 Qf6 37. Rf2 Qc6 38. Qf3 Qc1 39. e5 Re1
40. Qd5 Qe3 41. Kg2 Ra1 42. Qd2 Qe4+ 43. Rf3 Qb1 44. Kf2 Rxa2 45. Rb3 Ra1 46.
Ke3 Qg1+ 47. Ke4 Rd1 48. Qc3 Qf1 49. e6 Qf5+ 50. Ke3 Qxe6+ 51. Kf2 Qh3 52. Qc4
Qh1 53. Rb8 Qg1+ 54. Kf3 Rf1+ 55. Ke4 Qg2+ 56. Kd4 Qf2+ 57. Ke4 Re1+ 58. Kd3
Rd1+ 59. Ke4 Qf5+ 60. Ke3 Qe5+ 61. Kf2 Qxb8 62. g4 Qxb2+ 63. Kf3 hxg4+ 64. Kg3
Rc1 65. Qd5 Rc3+ 66. Kf4 Qb4+ 67. Ke5 0-1

[Event "78th ch-ESP 2013"]
[Site "Linares ESP"]
[Date "2013.09.03"]
[Round "6.19"]
[White "Andres Gonzalez, Ivan"]
[Black "Gavilan Diaz, Mario"]
[Result "1-0"]
[WhiteElo "2311"]
[BlackElo "2225"]
[PlyCount "75"]
[EventDate "2013.08.29"]

1. c4 e5 2. Nc3 Nf6 3. g3 d5 4. cxd5 Nxd5 5. Bg2 Nb6 6. Nf3 Nc6 7. O-O Be7 8.
Rb1 f6 9. d4 exd4 10. Nb5 Bf5 11. Bf4 Rc8 12. Rc1 d3 13. exd3 a6 14. Rxc6 axb5
15. Rc1 c6 16. Nh4 Be6 17. Re1 Qd7 18. Qh5+ Kf8 19. Ng6+ hxg6 20. Qxh8+ Kf7 21.
Qh7 Rg8 22. Be4 f5 23. Bf3 Nd5 24. Re2 Nxf4 25. gxf4 Bxa2 26. Qh3 Qd4 27. Bg2
Qxf4 28. Ra1 Bb3 29. Re3 Bf6 30. d4 Be6 31. Rxe6 Bxd4 32. Re2 Rd8 33. Qb3+ Kf8
34. Qg3 Qh6 35. Qc7 Bf6 36. Qxb7 Qf4 37. Qxc6 b4 38. Ra8 1-0

[Event "78th ch-ESP 2013"]
[Site "Linares ESP"]
[Date "2013.09.03"]
[Round "6.21"]
[White "Nicolas Zapata, Irene"]
[Black "Silva Rodriguez, Julio"]
[Result "1-0"]
[WhiteElo "2253"]
[BlackElo "2198"]
[PlyCount "71"]
[EventDate "2013.08.29"]

1. d4 Nf6 2. Nf3 d5 3. c4 e6 4. Nc3 Be7 5. Bg5 h6 6. Bxf6 Bxf6 7. e3 O-O 8. Rc1
c6 9. Bd3 Nd7 10. O-O dxc4 11. Bxc4 e5 12. Ne4 exd4 13. Nxd4 Be5 14. f4 Bc7 15.
Bxf7+ Rxf7 16. Ne6 Qe7 17. Nxc7 Rb8 18. Nd6 Rf6 19. Nxc8 Rxc8 20. Nd5 Qe4 21.
Nxf6+ Nxf6 22. Qf3 Qa4 23. a3 Re8 24. Rfe1 Qb3 25. e4 Qxb2 26. Rcd1 Qc2 27. e5
Nd5 28. f5 Rf8 29. g4 h5 30. h3 Qc5+ 31. Kh1 hxg4 32. Qxg4 Rf7 33. e6 Rf6 34.
Rg1 Qf8 35. Rd3 Ne7 36. Rd8 1-0

[Event "78th ch-ESP 2013"]
[Site "Linares ESP"]
[Date "2013.09.03"]
[Round "6.22"]
[White "Shen, Yue"]
[Black "Lorente Penalva, Diego"]
[Result "1-0"]
[WhiteElo "2283"]
[BlackElo "2178"]
[PlyCount "53"]
[EventDate "2013.08.29"]

1. d4 Nf6 2. c4 c5 3. d5 b5 4. Qc2 g6 5. e4 d6 6. cxb5 Bg7 7. Nc3 O-O 8. Nf3 a6
9. Rb1 Nbd7 10. bxa6 Bxa6 11. Bxa6 Rxa6 12. O-O Qa8 13. b3 Ng4 14. a4 f5 15.
Ng5 Bxc3 16. Qxc3 fxe4 17. Ne6 Ngf6 18. Nxf8 Nxd5 19. Qc4 Nxf8 20. Rd1 e6 21.
Bh6 Rb6 22. Qxe4 Rb4 23. Qe2 Nc3 24. Qb2 Rg4 25. f3 Qxf3 26. Rf1 Ne2+ 27. Qxe2
1-0

[Event "78th ch-ESP 2013"]
[Site "Linares ESP"]
[Date "2013.09.03"]
[Round "6.23"]
[White "Quintin Navarro, Alberto"]
[Black "Leon Acosta, Miguel"]
[Result "1-0"]
[WhiteElo "2241"]
[BlackElo "2005"]
[PlyCount "155"]
[EventDate "2013.08.29"]

1. d4 Nc6 2. Nf3 d6 3. e4 Nf6 4. c3 g6 5. Bd3 Bg7 6. O-O O-O 7. h3 e5 8. Be3
exd4 9. cxd4 Nb4 10. Nc3 Nxd3 11. Qxd3 c6 12. b4 d5 13. e5 Bf5 14. Qe2 Ne4 15.
Nxe4 Bxe4 16. Nd2 f6 17. f4 Rf7 18. Nb3 Bf8 19. a3 Qb6 20. Rac1 Qb5 21. Qxb5
cxb5 22. Rc3 b6 23. Rfc1 a5 24. bxa5 bxa5 25. Rc8 Rxc8 26. Rxc8 Ra7 27. Nc5 Kf7
28. Nxe4 dxe4 29. d5 Rb7 30. d6 Rd7 31. e6+ Kxe6 32. Rxf8 Rxd6 33. Rb8 Rd3 34.
Rb6+ Kf7 35. Kf2 Rxa3 36. Rxb5 Ra2+ 37. Kf1 Ra1+ 38. Ke2 Ra2+ 39. Bd2 a4 40.
Ra5 f5 41. Ra7+ Kg8 42. Kd1 Ra1+ 43. Kc2 Rg1 44. Rxa4 Rxg2 45. Ra8+ Kg7 46.
Ra7+ Kh6 47. Kd1 Rh2 48. Ra3 Kh5 49. Rg3 h6 50. Kc1 Rf2 51. Kd1 Rh2 52. Kc2 Rf2
53. Kc3 Re2 54. Bc1 Rf2 55. Kd4 Rf3 56. Rg1 Rxh3 57. Ke5 e3 58. Re1 g5 59. Kxf5
gxf4 60. Kxf4 Kg6 61. Bxe3 Rh5 62. Ra1 Rb5 63. Ra6+ Kf7 64. Rxh6 Ke7 65. Ke4
Kd7 66. Bd4 Ra5 67. Kd3 Rg5 68. Ke4 Ra5 69. Be5 Ra4+ 70. Kf5 Ra2 71. Rd6+ Ke7
72. Rc6 Rf2+ 73. Bf4 Kd8 74. Rc4 Kd7 75. Rc7+ Kd8 76. Rf7 Ke8 77. Rb7 Rg2 78.
Ke4 1-0

[Event "78th ch-ESP 2013"]
[Site "Linares ESP"]
[Date "2013.09.03"]
[Round "6.24"]
[White "Bazan Solera, Manuel"]
[Black "Santos Ruiz, Miguel"]
[Result "1-0"]
[WhiteElo "2007"]
[BlackElo "2239"]
[PlyCount "111"]
[EventDate "2013.08.29"]

1. d4 Nf6 2. Nf3 c5 3. c3 Qc7 4. Bg5 Ne4 5. e3 Nxg5 6. Nxg5 cxd4 7. exd4 Qa5 8.
Nf3 g6 9. Bd3 Bg7 10. Nbd2 d6 11. Qe2 Nc6 12. Nc4 Qc7 13. Ne3 O-O 14. O-O e5
15. d5 Ne7 16. Nd2 f5 17. f4 exf4 18. Rxf4 h5 19. Rc4 Qd8 20. Rf1 Bh6 21. Kh1
Qb6 22. Nd1 Re8 23. Nb3 Bd7 24. Qf3 Kh7 25. Rb4 Qc7 26. Rc4 Qd8 27. Rb4 b6 28.
Nd4 Ng8 29. Qg3 Qf6 30. Bb5 Bxb5 31. Nxb5 Re5 32. Nf2 a6 33. Na3 a5 34. Rxb6
Rae8 35. Nd3 Rxd5 36. Nc4 h4 37. Qf3 Qe6 38. Nf4 Bxf4 39. Qxf4 Qe4 40. Rb7+ Kh8
41. Qxe4 Rxe4 42. b3 a4 43. Rd7 axb3 44. axb3 Re6 45. Ra1 Nf6 46. Rb7 Re8 47.
h3 Rd3 48. Rf7 Nh5 49. Raa7 Kg8 50. Rfd7 Rd1+ 51. Kh2 d5 52. Ne5 f4 53. Ng4 Rc8
54. Rf7 Kh8 55. Rh7+ Kg8 56. Nh6+ 1-0

[Event "78th ch-ESP 2013"]
[Site "Linares ESP"]
[Date "2013.09.03"]
[Round "6.25"]
[White "Ruiz Sanchez, Andres"]
[Black "Jimenez De La Torre, Jose A"]
[Result "0-1"]
[WhiteElo "2191"]
[BlackElo "2038"]
[PlyCount "60"]
[EventDate "2013.08.29"]

1. d4 Nf6 2. Bf4 g6 3. e3 Bg7 4. Be2 O-O 5. h3 d6 6. Nf3 b6 7. O-O Bb7 8. a4 a5
9. Na3 Nbd7 10. c3 Re8 11. Bh2 e5 12. dxe5 Nxe5 13. Nxe5 dxe5 14. Nb5 Qe7 15.
Qb3 Ne4 16. Rfd1 Qh4 17. g3 Nxg3 18. Bxg3 Qe4 19. f3 Qxe3+ 20. Kf1 Bxf3 21. Qc4
Bxe2+ 22. Qxe2 Qxg3 23. Rd3 Qg5 24. Nxc7 e4 25. Nxa8 Re6 26. Qg4 Qf6+ 27. Rf3
exf3 28. Nc7 Qe5 29. Qc4 Rc6 30. Qd3 Qg5 0-1

[Event "78th ch-ESP 2013"]
[Site "Linares ESP"]
[Date "2013.09.03"]
[Round "6.26"]
[White "Barrenechea Bahamonde, Gustavo"]
[Black "Juan Delgado, Adrian"]
[Result "0-1"]
[WhiteElo "2183"]
[BlackElo "1865"]
[PlyCount "86"]
[EventDate "2013.08.29"]

1. e4 e6 2. d4 d5 3. Nc3 Nf6 4. Bg5 Bb4 5. e5 h6 6. Bc1 Ne4 7. Qg4 Kf8 8. Nge2
c5 9. a3 Qa5 10. axb4 Qxa1 11. Nxd5 Na6 12. Qxe4 exd5 13. Qxd5 Be6 14. Qxb7 Rb8
15. Qxa7 Rxb4 16. Kd2 g6 17. dxc5 Kg7 18. Qe7 Qa5 19. Nc3 Rd8+ 20. Bd3 Nxc5 21.
Qf6+ Kh7 22. Ke2 Nxd3 23. cxd3 Rbd4 24. Re1 Qa6 25. Kf1 Qxd3+ 26. Kg1 Qc2 27.
Qf3 Rd3 28. Be3 Qxb2 29. Ne4 Qxe5 30. h3 Qf5 31. Qxf5 Bxf5 32. Ng3 Rd1 33. Rxd1
Rxd1+ 34. Kh2 Bd3 35. h4 f5 36. f3 Re1 37. Bd2 Ra1 38. Be3 Ra4 39. Bd2 Rxh4+
40. Kg1 Ra4 41. Kf2 f4 42. Ne4 Bxe4 43. fxe4 Ra2 0-1

[Event "78th ch-ESP 2013"]
[Site "Linares ESP"]
[Date "2013.09.03"]
[Round "6.27"]
[White "Perete Bernal, Francisco Eugenio"]
[Black "Larino Nieto, David"]
[Result "0-1"]
[WhiteElo "2006"]
[BlackElo "2491"]
[PlyCount "76"]
[EventDate "2013.08.29"]

1. c4 e5 2. g3 h5 3. h4 Nc6 4. Bg2 d6 5. e3 Bg4 6. Qb3 Qc8 7. Nc3 Nf6 8. Nf3
Nd7 9. Na4 Be7 10. a3 Nc5 11. Nxc5 dxc5 12. Qc2 Qe6 13. Ng5 Bxg5 14. hxg5 Bf5
15. Be4 Bxe4 16. Qxe4 a5 17. b3 a4 18. Bb2 axb3 19. Rh4 O-O-O 20. Bc3 f6 21.
gxf6 gxf6 22. Qb1 f5 23. Qxb3 Rhg8 24. O-O-O Rd3 25. Qa4 Rgd8 26. Rxh5 Qd7 27.
Kb2 b6 28. g4 Kb7 29. Rxf5 Ra8 30. Qc2 e4 31. Ra1 Na5 32. Bxa5 Rxa5 33. Kc1 Qg7
34. Qb2 Qxg4 35. Qe5 Qe2 36. Qxe4+ Ka7 37. Ra2 Qe1+ 38. Kb2 Qxd2+ 0-1

[Event "78th ch-ESP 2013"]
[Site "Linares ESP"]
[Date "2013.09.03"]
[Round "6.28"]
[White "Lerma Moreno, Juan Manuel"]
[Black "Aranaz Murillo, Amalia"]
[Result "0-1"]
[WhiteElo "1923"]
[BlackElo "2246"]
[PlyCount "105"]
[EventDate "2013.08.29"]

1. Nf3 Nf6 2. c4 b6 3. g3 Bb7 4. Bg2 e6 5. O-O Be7 6. Nc3 O-O 7. d4 Na6 8. a3
c5 9. Nb5 cxd4 10. Qxd4 Nc5 11. Qd1 d5 12. cxd5 Nxd5 13. b4 Bf6 14. Rb1 Ne4 15.
Bb2 a6 16. Qc2 Bxb2 17. Rxb2 axb5 18. Qxe4 Rxa3 19. Rc1 Qa8 20. Ng5 g6 21. Qh4
h5 22. Qd4 Ra1 23. Rbc2 Rxc1+ 24. Rxc1 Qa3 25. Ra1 Qb3 26. Ra7 Nc3 27. Qe5 Qd1+
28. Bf1 Qd5 29. Nf3 Rc8 30. Qe3 Qe4 31. Qd2 Bd5 32. Ra1 Qxb4 33. Nd4 Nxe2+ 34.
Qxe2 Qxd4 35. Rd1 Qe4 36. Qxe4 Bxe4 37. Bxb5 Rc5 38. Be2 Rc3 39. f4 Kg7 40. Kf2
Bd5 41. Rb1 Rb3 42. Rc1 b5 43. h3 Kf6 44. Rc5 b4 45. g4 Rxh3 46. gxh5 gxh5 47.
Ke1 h4 48. Rb5 Rh1+ 49. Kd2 Rh2 50. Rxb4 Bf3 51. Ke3 Bxe2 52. Rb2 Rg2 53. Kd4
0-1

[Event "78th ch-ESP 2013"]
[Site "Linares ESP"]
[Date "2013.09.03"]
[Round "6.29"]
[White "Galvez Extremera, Francisco"]
[Black "Gimenez Jimenez, Jesus"]
[Result "1-0"]
[WhiteElo "2180"]
[BlackElo "2007"]
[PlyCount "71"]
[EventDate "2013.08.29"]

1. e4 e5 2. Nf3 Nc6 3. Nc3 f5 4. d4 Bb4 5. Bc4 Nf6 6. O-O Bxc3 7. bxc3 Nxe4 8.
dxe5 Qe7 9. Re1 Qc5 10. Qe2 b5 11. Bb3 a5 12. Be3 Qe7 13. a4 bxa4 14. Bc4 Nd8
15. Bc1 Ne6 16. Ba3 c5 17. Qd3 Bb7 18. Rab1 Bc6 19. Nd4 Qh4 20. g3 Nxf2 21.
Nxc6 Nxd3 22. gxh4 Nxe1 23. Rxe1 g5 24. Bxe6 dxe6 25. Rd1 gxh4 26. Rd6 Rg8+ 27.
Kf2 Rg6 28. Bxc5 Rc8 29. Ba3 Rc7 30. c4 Rd7 31. Nxa5 h3 32. c5 Rxd6 33. exd6
Rg2+ 34. Kf1 Rxh2 35. c6 Rxc2 36. d7+ 1-0

[Event "78th ch-ESP 2013"]
[Site "Linares ESP"]
[Date "2013.09.03"]
[Round "6.30"]
[White "Arboledas Fernandez, Antonio A"]
[Black "Cucarella Montell, Angels"]
[Result "1-0"]
[WhiteElo "2149"]
[BlackElo "1996"]
[PlyCount "69"]
[EventDate "2013.08.29"]

1. e4 c5 2. c4 Nc6 3. Nc3 g6 4. d3 Bg7 5. Be3 d6 6. Qd2 a6 7. g3 Rb8 8. Bg2 b5
9. Nge2 bxc4 10. dxc4 Ne5 11. b3 Bg4 12. Ng1 Bd7 13. h3 h6 14. f4 Nc6 15. Nge2
Nf6 16. O-O O-O 17. Rad1 Qc8 18. Kh2 Rb7 19. f5 Kh7 20. g4 Ne5 21. Ng3 Bc6 22.
Nd5 Bxd5 23. exd5 Rb4 24. Qe2 a5 25. Bf4 Nfd7 26. Qc2 Bf6 27. fxg6+ fxg6 28.
Bd2 Qa6 29. Rde1 Rbb8 30. Be4 a4 31. Nh5 Bh4 32. Rb1 axb3 33. axb3 Ra8 34. Nf4
Rg8 35. Nxg6 1-0

[Event "78th ch-ESP 2013"]
[Site "Linares ESP"]
[Date "2013.09.04"]
[Round "7.3"]
[White "Arizmendi Martinez, Julen Luis"]
[Black "Ibarra Jerez, Jose Carlos"]
[Result "1/2-1/2"]
[WhiteElo "2577"]
[BlackElo "2538"]
[PlyCount "60"]
[EventDate "2013.08.29"]

1. d4 Nf6 2. c4 e6 3. Nc3 Bb4 4. e3 b6 5. Nge2 c5 6. a3 Ba5 7. Rb1 Na6 8. Bd2
O-O 9. Ng3 Bb7 10. Bd3 d5 11. cxd5 cxd4 12. exd4 Bxc3 13. bxc3 Nc7 14. O-O Qxd5
15. f3 Ba6 16. Bf4 Bxd3 17. Qxd3 Qc6 18. c4 Rfd8 19. Bg5 Nce8 20. Ne4 Rac8 21.
Rbc1 Rd7 22. d5 Nxe4 23. fxe4 Qd6 24. Bd2 exd5 25. cxd5 Rxc1 26. Rxc1 Rd8 27.
h3 f5 28. Bg5 fxe4 29. Qe3 Nf6 30. Bxf6 Qxf6 1/2-1/2

[Event "78th ch-ESP 2013"]
[Site "Linares ESP"]
[Date "2013.09.04"]
[Round "7.4"]
[White "Rioboo De Larriva, Alvaro"]
[Black "Anton Guijarro, David"]
[Result "0-1"]
[WhiteElo "2247"]
[BlackElo "2570"]
[PlyCount "78"]
[EventDate "2013.08.29"]

1. c4 e5 2. Nc3 Nc6 3. g3 Bc5 4. Bg2 a6 5. a3 Ba7 6. b4 d6 7. Nf3 Nge7 8. d3
O-O 9. O-O Rb8 10. Rb1 b5 11. e3 h6 12. Qe2 Bg4 13. Bd2 Qd7 14. Rfc1 Rfe8 15.
cxb5 axb5 16. Qf1 d5 17. a4 Bxf3 18. Bxf3 bxa4 19. Nxa4 e4 20. Bd1 Ne5 21. d4
Nd3 22. Rc3 Nxb4 23. Nb2 Qd6 24. Ra1 Nbc6 25. Na4 Nxd4 26. exd4 Bxd4 27. Rac1
Bxc3 28. Nxc3 Qa3 29. Nb5 Qb2 30. Nxc7 Qxd2 31. Rc2 Qd4 32. Nxe8 Rd8 33. Rc7
Ng6 34. Be2 Ne5 35. Qc1 Kh7 36. Qe3 Qb4 37. Kg2 Nd7 38. f3 Ne5 39. f4 Nf3 0-1

[Event "78th ch-ESP 2013"]
[Site "Linares ESP"]
[Date "2013.09.04"]
[Round "7.5"]
[White "Alvarado Diaz, Alejandro"]
[Black "Korneev, Oleg"]
[Result "1/2-1/2"]
[WhiteElo "2313"]
[BlackElo "2625"]
[PlyCount "108"]
[EventDate "2013.08.29"]

1. c4 e5 2. a3 Nf6 3. e3 Nc6 4. Nc3 d5 5. cxd5 Nxd5 6. Qc2 Nxc3 7. dxc3 Qf6 8.
Nf3 Qg6 9. e4 Bg4 10. Be2 Bxf3 11. Bxf3 Bc5 12. b4 Bb6 13. a4 a5 14. b5 Nd8 15.
h4 Ne6 16. Qe2 O-O-O 17. Rh3 h5 18. Rg3 Qf6 19. Bg5 Nxg5 20. hxg5 Qf4 21. g6 f6
22. Rh3 Rd6 23. g3 Qg5 24. Rxh5 Rxh5 25. Bxh5 f5 26. Rd1 Rxd1+ 27. Qxd1 Kb8 28.
exf5 Qxf5 29. Qf3 Qb1+ 30. Qd1 Qe4+ 31. Qe2 Qb1+ 32. Qd1 Qe4+ 33. Qe2 Qh1+ 34.
Kd2 e4 35. Kc2 Ka7 36. Bg4 e3 37. fxe3 Qe4+ 38. Kb3 Qb1+ 39. Kc4 Qe4+ 40. Kb3
Qb1+ 41. Kc4 Qa1 42. Kb3 Bc5 43. Qb2 Qe1 44. Qe2 Qxg3 45. e4 Bd6 46. e5 Bxe5
47. Bf3 Qf4 48. Qe4 Qxe4 49. Bxe4 Kb6 50. Kc4 c6 51. bxc6 bxc6 52. Bc2 Bf6 53.
Bb1 Be5 54. Bc2 Bf6 1/2-1/2

[Event "78th ch-ESP 2013"]
[Site "Linares ESP"]
[Date "2013.09.04"]
[Round "7.6"]
[White "Perez Candelario, Manuel"]
[Black "Alonso Rosell, Alvar"]
[Result "1-0"]
[WhiteElo "2569"]
[BlackElo "2550"]
[PlyCount "120"]
[EventDate "2013.08.29"]

1. e4 c6 2. d4 d5 3. e5 Bf5 4. g4 Bd7 5. c4 Be6 6. c5 Qd7 7. h3 g6 8. Be2 Na6
9. Nc3 Nc7 10. Be3 h5 11. g5 Bf5 12. b4 e6 13. Nf3 Ne7 14. a4 Bg7 15. Nd2 O-O
16. Nb3 Rfb8 17. Kf1 b6 18. Kg2 Qe8 19. cxb6 axb6 20. Qd2 Nc8 21. Rhc1 Bf8 22.
b5 Bb4 23. Qb2 Na7 24. Na2 Be7 25. bxc6 Qf8 26. Nc3 Qd8 27. Nb5 Bxg5 28. Qd2
Bxe3 29. Qxe3 Nc8 30. Qf4 Nxb5 31. axb5 Qc7 32. Kh2 Ne7 33. Qg5 Re8 34. Nd2
Rxa1 35. Rxa1 Qd8 36. Qf6 Qb8 37. Nf3 Nc8 38. Ng5 Re7 39. Ra6 Qc7 40. Ra8 Re8
41. Kg3 Rf8 42. Kh4 Qd8 43. Qxd8 Rxd8 44. Rb8 Re8 45. Kg3 Bc2 46. Kf4 Bf5 47.
Rb7 Re7 48. Rb8 Rc7 49. h4 Kg7 50. Nf3 Bg4 51. Ng1 Bf5 52. Kg5 Be4 53. Nh3 Bf5
54. Nf4 Bc2 55. Ng2 Bb1 56. Ne3 Be4 57. f3 Bb1 58. Bf1 Bf5 59. Nd1 Bc2 60. Nc3
Kf8 1-0

[Event "78th ch-ESP 2013"]
[Site "Linares ESP"]
[Date "2013.09.04"]
[Round "7.7"]
[White "Suarez Garcia, Carlos"]
[Black "Narciso Dublan, Marc"]
[Result "0-1"]
[WhiteElo "2321"]
[BlackElo "2505"]
[PlyCount "105"]
[EventDate "2013.08.29"]

1. Nf3 f5 2. d4 e6 3. c4 Nf6 4. g3 d5 5. Bg2 Bd6 6. O-O O-O 7. b3 b6 8. Ba3 Bb7
9. Qc1 Ne4 10. Bxd6 cxd6 11. cxd5 Bxd5 12. Nfd2 Qd7 13. Nxe4 Bxe4 14. Qe3 Bxg2
15. Kxg2 Nc6 16. Nc3 Ne7 17. Rac1 Rac8 18. Qd3 Qb7+ 19. Qf3 Qxf3+ 20. Kxf3 a6
21. Ke3 Rc6 22. Nb1 f4+ 23. Kd2 Rxc1 24. Kxc1 fxg3 25. hxg3 Nc6 26. e3 Nb4 27.
Kd2 Nxa2 28. Nc3 Nb4 29. Ne4 d5 30. Ng5 Rc8 31. Rc1 Rxc1 32. Kxc1 Nd3+ 33. Kd2
Nxf2 34. Nxe6 Ne4+ 35. Ke1 Nxg3 36. Nc7 a5 37. Nxd5 b5 38. Nc3 b4 39. Na4 Ne4
40. Nb2 Nc3 41. Kf2 h5 42. Kf3 g5 43. Nc4 a4 44. bxa4 Nxa4 45. Nd2 Nc3 46. e4
Kf7 47. d5 Ke7 48. Ke3 h4 49. Kd4 g4 50. Ke5 h3 51. d6+ Kd7 52. Nb3 Nxe4 53.
Kd4 0-1